| 000 | 00634nam a2200229#a 4500 | ||
|---|---|---|---|
| 001 | 02200 | ||
| 003 | HDC | ||
| 007 | ta | ||
| 008 | 230623s2007 xx 000 0 eng d | ||
| 040 | _aHDC | ||
| 050 |
_aHC445 _b.T43 2007 |
||
| 110 | _aThailand Board of Investment. | ||
| 245 | 0 |
_a A business guide to Thailand / _cThailand Board of Investment. |
|
| 264 |
_aThailand : _bThailand Board of Investment, _c2007. |
||
| 300 |
_a48p. : _b ill. _c 29cm. |
||
| 650 |
_aBusiness enterprises, Foreign _zThailand. |
||
| 650 |
_aInvestments, Foreign _zThailand. |
||
| 942 | _2lcc | ||
| 942 | _cBK | ||
| 942 | _kHC445 | ||
| 942 | _m.T43 2007 | ||
| 999 |
_c23759 _d23759 |
||